Zánik spoločnosti bez likvidácie, novela zákona o účtovníctve

Novelou zákona o účtovníctve týkajúcej sa zlúčenia, splynutia a rozdelenia spoločnosti boli upresnené požiadavky na zanikajúce a aj nástupnícke účtovné jednotky. Najvýznamnejšie zmeny.

Guardado en:
Detalles Bibliográficos
Autor principal: Ondrušová, Lucia, 1981-
Formato: Capítulo de libro
Lenguaje:eslovaco
Materias:
Etiquetas: Agregar Etiqueta
Sin Etiquetas, Sea el primero en etiquetar este registro!

MARC

LEADER 00000naa$a2200000$$$4500
001 0113960
005 20240502072252.4
041 0 |a slo 
044 |a SK 
245 1 0 |a Zánik spoločnosti bez likvidácie, novela zákona o účtovníctve  |c Lucia Ondrušová 
520 |a Novelou zákona o účtovníctve týkajúcej sa zlúčenia, splynutia a rozdelenia spoločnosti boli upresnené požiadavky na zanikajúce a aj nástupnícke účtovné jednotky. Najvýznamnejšie zmeny. 
610 2 0 |a účtovníctvo 
610 2 0 |a zákony 
610 2 0 |a novelizácia 
610 2 0 |a zlučovanie podnikov 
100 1 |a Ondrušová, Lucia, 1981-